01155nam a22003017a 4500003000900000005001700009008002900026020001800055040002200073082002800095100002200123245011700145246010300262260007700365300002700442505001900469505002500488590002600513650002700539650001800566650002800584650002100612700002300633910004000656942001200696952012800708999001700836DO-SdBNP20240917132444.0171031b2009 ck 00| 0 spa d a9787974795983 aBPMSUbspacBPMSU 4a370.114bG423v 20092221 aGhiglioni, Marta 10aLos valores de los pequeños /ctextos formativos y literarios Franco Vaccarini ; adaptación Marta Ghiglioni 14aLos valores de los pequeños :bactitudes que atesoran una mejor convivencia para los niños 5  aMontevideo República de Uruguay :bArqueotipo Grupo Editorial, c2009 a200 p. :bil.;c28 cm.0 gv.1.tComo es?0 gv.2.tComo funciona? aInventariado, 2024/VM 4aEducación de niños 4aCambio social 4aEducación en el hogar 4aValores sociales1 aVaccarini, Franco  aVMateo V. Control de calidad. NPMSU 2ddccBK 00102ddc40708CI-GaBPMETbBPMETd2024-09-17l0oBPMSU CGI 370.114 G423v 2009pBPMSU24090056r2024-09-17w2024-09-17yBK c14816d14816